[Event "It"]
[Site "masterchessopen.com – Groningen (Netherlands)"]
[Round "9"]
[White "Yanofsky D A (CAN)"]
[Black "Guimard Carlos E (ARG)"]
[Result "1-0"]
[WhiteElo "2410"]
[BlackElo "2325"]

1.e4 e6 2.d4 d5 3.Nd2 Nc6 4.Ngf3 Nf6 5.e5 Nd7 6.Nb3 f6 { ?! } 7.exf6 { ?! } (
7.Bb5 { ! } 7...Be7 ( 7...fxe5 8.dxe5 ) 8.exf6 Bxf6 9.O-O O-O 10.Re1 { ± } )
7...Nxf6 ( 7...Qxf6 { ! } 8.Bg5 Qf7 { ? } ) 8.Bb5 Bd6 9.O-O O-O 10.Bg5 { ? }
10...Qe8 11.Bh4 Qh5 12.Bg3 Bxg3 { ? } ( 12...Ne4 { ? } ) 13.fxg3 { ! } (
13.hxg3 { ? } 13...Ng4 14.Re1 Bd7 { ??+ } ) 13...Ng4 14.Qd2 { ! ? 15.?xc6 bxc6
16.?c5 } 14...Nd8 15.h3 Nf6 16.g4 Qf7 17.Bd3 Qe7 18.Rae1 g6 19.Qe3 b6 20.Ne5 {
? 21.?xg6 hxg6 22.?xg6, 23.?xf8, 24.g5 } 20...Nd7 21.Rxf8+ Nxf8 22.c4 Bd7
23.Rf1 Be8 24.g5 { ! ? ?g4-f6+?? } 24...dxc4 25.Bxc4 Nf7 26.Ng4 { ! }
26...Qxg5 27.Nf6+ Kh8 28.Qf3 { ! } {#r} 1-0

[Event "It"]
[Site "masterchessopen.com – Remedios de Escalada (Argentina)"]
[Round "1"]
[White "Bolbochan Julio (ARG)"]
[Black "Guimard Carlos E (ARG)"]
[Result "1-0"]
[WhiteElo "2440"]
[BlackElo "2325"]

1.d4 e6 2.e4 d5 3.Nd2 Nc6 4.Ngf3 Nf6 5.e5 Nd7 6.b3 f6 7.Bb2 fxe5 8.dxe5 Bc5
9.Bd3 Qe7 10.a3 Bb6 11.c4 Nd8 12.O-O c6 13.cxd5 cxd5 14.Rc1 Nf7 15.h4 g5
16.hxg5 Nxg5 17.Nh2 Nf7 18.Ng4 Qg5 19.Bb5 Kd8 20.Ne4 Qf4 21.Nef6 Nxf6 22.Nxf6
d4 23.Re1 Nxe5 24.Re4 Qxf6 25.Bxd4 Nf3+ 26.gxf3 Rg8+ 27.Kf1 Bxd4 28.Rxd4+ Ke7
29.Rc7+ {#r} 1-0

[Event "It"]
[Site "masterchessopen.com – Hastings (England)"]
[Round "7"]
[White "Ivkov Borislav (SRB)"]
[Black "Diez Del Corral Jesus (ESP)"]
[Result "1-0"]
[WhiteElo "2416"]
[BlackElo "2415"]

1.e4 e6 2.d4 d5 3.Nd2 Nc6 4.Ngf3 Nf6 5.e5 Nd7 6.b3 f6 7.Bb2 g6 8.Bb5 Bg7 9.O-O
fxe5 10.dxe5 O-O 11.Re1 a6 12.Bxc6 bxc6 13.c4 Rf7 14.Rc1 a5 15.Qc2 Nf8 16.cxd5
cxd5 17.Nd4 Bh6 18.Rcd1 Bb7 19.Ba3 Ra6 20.N2f3 g5 21.Bc1 Ng6 22.h4 Nf4 23.Nxg5
Bxg5 24.hxg5 Qxg5 25.Bxf4 Qxf4 26.Re3 c5 27.Rg3+ Kh8 28.Rf3 cxd4 29.Rxf4 Rxf4
30.Qc7 {#r} 1-0

[Event "Olympiad"]
[Site "masterchessopen.com – Leipzig (Germany)"]
[Round "4"]
[White "Littleton Michael F (IRL)"]
[Black "Byrne Robert E (USA)"]
[Result "0-1"]
[WhiteElo "2275"]
[BlackElo "2434"]

1.e4 e6 2.d4 d5 3.Nd2 Nc6 4.Ngf3 Nf6 5.e5 Nd7 6.c3 f6 7.exf6 Qxf6 8.Bb5 Bd6
9.Nf1 O-O 10.Bg5 Qf7 11.Ne3 Qh5 12.Qc2 Rxf3 13.gxf3 Qxg5 14.O-O-O Nf6 15.Rdg1
Qf4 16.Rg3 e5 17.Rhg1 Bf8 18.Bxc6 bxc6 19.dxe5 Qxe5 20.Qa4 c5 21.Rg5 Qd6
22.Qh4 Kh8 23.Rd1 Be6 24.Nc4 Qa6 25.Ne5 Qxa2 26.Rdg1 Rb8 27.b4 cxb4 28.Qh3
Qa1+ {#R} 0-1

[Event "It"]
[Site "masterchessopen.com – Zurich (Switzerland)"]
[Round "6"]
[White "Bernhardt Rolf (GER)"]
[Black "Vinje-Gulbrandsen Arne (NOR)"]
[Result "0-1"]
[WhiteElo "2288"]
[BlackElo "2335"]

1.e4 e6 2.d4 d5 3.Nd2 Nc6 4.Ngf3 Nf6 5.e5 Nd7 6.Nb3 f6 7.exf6 Qxf6 8.Bg5 Qf7
9.Bh4 e5 10.Ng5 Qf5 11.Be2 Nf6 12.dxe5 Qxe5 13.O-O Bd6 14.f4 Qe3+ 15.Kh1 O-O
16.Bd3 Nb4 17.Be2 Bxf4 18.Nf3 Bg4 19.Nfd4 Bxe2 20.Nxe2 Be5 21.c3 Nd3 22.Rf3
Qh6 23.Rh3 Qxh4 24.Qxd3 Qe4 25.Kg1 Rae8 26.Ned4 Bxh2+ 27.Kxh2 Ng4+ 28.Kg3 Qf4+
{#R} 0-1

[Event "Tournament"]
[Site "masterchessopen.com – Sochi (Russia)"]
[Round "0"]
[White "Lepeshkin Vladimir (RUS)"]
[Black "Shilov Boris (RUS)"]
[Result "0-1"]
[WhiteElo "2350"]
[BlackElo "1971"]

1.e4 e6 2.d4 d5 3.Nd2 Nc6 4.Ngf3 Nf6 5.e5 Nd7 6.a3 f6 7.exf6 Qxf6 8.Bd3 e5
9.c4 Nxd4 10.Nxd4 exd4 11.O-O Ne5 12.Re1 Kd8 13.Qh5 Bd6 14.Ne4 dxe4 15.Bg5
exd3 16.Bxf6+ gxf6 17.Qh4 Nd7 18.Rad1 c5 19.Rxd3 Kc7 20.f4 b6 21.Rg3 Bb7
22.Rg7 Rae8 23.Rxe8 Rxe8 24.Qxf6 Bc8 25.Qf5 Re2 26.b3 Re3 27.Rxh7 d3 28.Kf2 d2
29.Qc2 Bxf4 30.Qxd2 Rf3+ {#R} 0-1

[Event "Ch Europe (juniors)"]
[Site "masterchessopen.com – Groningen (Netherlands)"]
[Round "1"]
[White "Maeder Karlheinz (GER)"]
[Black "Timman Jan H (NED)"]
[Result "1-0"]
[WhiteElo "2201"]
[BlackElo "2555"]

1.e4 e6 2.d4 d5 3.Nd2 Nc6 4.Ngf3 Nf6 5.e5 Nd7 6.Nb3 f6 7.Bb5 Be7 8.Bf4 O-O
9.exf6 Bxf6 10.Bg3 Re8 11.O-O e5 12.Bxc6 bxc6 13.Na5 Nb8 14.dxe5 Be7 15.Nd4 c5
16.Nac6 Nxc6 17.Nxc6 Qd7 18.Nxe7+ Rxe7 19.f4 Ba6 20.Rf2 Rf8 21.f5 Rxf5 22.Rxf5
Qxf5 23.Qxd5+ Rf7 24.c4 h5 25.Re1 c6 26.Qxc5 Qg5 27.Bf2 Rf5 28.b3 h4 29.h3 Kh7
30.Qd4 {#r} 1-0

[Event "Ch \"]
[Site "masterchessopen.com – ?"]
[Round "0"]
[White "Govashelishvili Genadij (RUS)"]
[Black "Vaganian Rafael A (ARM)"]
[Result "1-0"]
[WhiteElo "2392"]
[BlackElo "2577"]

1.e4 e6 2.d4 d5 3.Nd2 Nc6 4.Ngf3 Nf6 5.e5 Nd7 6.Bb5 f6 7.c4 a6 8.cxd5 exd5
9.Bxc6 bxc6 10.Qc2 Bb7 11.O-O fxe5 12.dxe5 c5 13.Nb3 d4 14.Bg5 Be7 15.Bxe7
Qxe7 16.e6 O-O 17.exd7 Rxf3 18.Qxc5 Rf7 19.Qxe7 Rxe7 20.Rac1 Rd8 21.Rfd1 Bd5
22.Nc5 Re2 23.Rxd4 c6 24.b4 Rxa2 25.Re1 g5 26.h4 Rf8 27.Re8 Rxf2 28.Rxd5 {#r}
1-0

[Event "Olympiad"]
[Site "masterchessopen.com – Lugano (Switzerland)"]
[Round "0"]
[White "Siaperas Triantafyllos (GRE)"]
[Black "Hook W (IVB)"]
[Result "0-1"]
[WhiteElo "2385"]
[BlackElo "2009"]

1.e4 e6 2.d4 d5 3.Nd2 Nc6 4.Ngf3 Nf6 5.e5 Nd7 6.c3 f6 7.exf6 Qxf6 8.Bb5 Bd6
9.Nf1 O-O 10.Bg5 Qf7 11.Qd2 e5 12.dxe5 Ndxe5 13.Nxe5 Nxe5 14.f3 c6 15.Be2 Qg6
16.O-O-O Bf5 17.h4 h6 18.Be3 Bb1 19.h5 Qh7 20.a3 Rae8 21.Bd4 Nxf3 22.Bxf3 Bf4
23.Be3 Rxe3 {#R} 0-1

[Event "?"]
[Site "masterchessopen.com – Lublin (Poland)"]
[Round "0"]
[White "Barczay Laszlo (HUN)"]
[Black "Pytel Krzysztof (FRA)"]
[Result "1-0"]
[WhiteElo "2381"]
[BlackElo "2305"]

1.e4 e6 2.d4 d5 3.Nd2 Nc6 4.Ngf3 Nf6 5.e5 Nd7 6.g3 b6 7.Bb5 Ncb8 8.Qe2 c5 9.c3
a6 10.Bd3 Nc6 11.a3 c4 12.Bc2 b5 13.Nf1 Nb6 14.h4 Bd7 15.Ng5 g6 16.h5 Be7
17.hxg6 Bxg5 18.Rxh7 Rxh7 19.gxh7 Bf6 20.Bg5 {#r} 1-0

[Event "Ch Pan-American"]
[Site "masterchessopen.com – Habana (Cuba)"]
[Round "0"]
[White "Moraza Manuel (PUR)"]
[Black "Hook W (IVB)"]
[Result "1-0"]
[WhiteElo "2187"]
[BlackElo "2009"]

1.e4 e6 2.d4 d5 3.Nd2 Nc6 4.Ngf3 Nf6 5.e5 Nd7 6.Nb3 f6 7.Bb5 Nb4 8.exf6 Qxf6
9.c3 c6 10.Be2 Na6 11.Bg5 Qf7 12.O-O Nc7 13.Bh4 Bd6 14.Ng5 Qg8 15.Bg3 Ke7
16.Qd2 Qf8 17.c4 h6 18.Bxd6+ Kxd6 19.Qb4+ c5 20.dxc5+ Ke5 21.Qc3+ Kf5 22.Bd3+
Kxg5 23.f4+ Kh5 24.g4+ Kxg4 25.Bg6 Qxf4 26.Rxf4+ Kxf4 27.Qg3# 1-0

[Event "Ch World (team) (under 26) (prel-A)"]
[Site "masterchessopen.com – Graz (Austria)"]
[Round "2"]
[White "Gouveia Carlos (BRA)"]
[Black "Hug Werner (SUI)"]
[Result "0-1"]
[WhiteElo "2369"]
[BlackElo "2475"]

1.e4 e6 2.d4 d5 3.Nd2 Nc6 4.Ngf3 Nf6 5.e5 Nd7 6.c3 f6 7.Bb5 Be7 8.O-O fxe5
9.dxe5 O-O 10.Re1 Qe8 11.Nf1 Nc5 12.Ng3 a5 13.h4 Bd7 14.Bf1 Rd8 15.Be3 b6
16.Bxc5 Bxc5 17.Bd3 g6 18.Qd2 Qf7 19.h5 Qf4 20.Qxf4 Rxf4 21.hxg6 hxg6 22.Bxg6
Rg4 {#R} 0-1

[Event "?"]
[Site "masterchessopen.com – Dubna (Russia)"]
[Round "0"]
[White "Tal Mikhail N (LAT)"]
[Black "Vaganian Rafael A (ARM)"]
[Result "1-0"]
[WhiteElo "2660"]
[BlackElo "2500"]

1.e4 e6 2.d4 d5 3.Nd2 Nc6 4.Ngf3 Nf6 5.e5 Nd7 6.Nb3 f6 7.Bb5 fxe5 8.dxe5 Nc5
9.Ng5 Bd7 10.Bxc6 bxc6 11.Qh5+ g6 12.Qf3 {#r} 1-0

[Event "Ch Czechoslovakia (students)"]
[Site "masterchessopen.com – Hrazany (Czech Republic)"]
[Round "6"]
[White "Petrik Karol (SVK)"]
[Black "Axamit Robert (CZE)"]
[Result "0-1"]
[WhiteElo "2082"]
[BlackElo "2184"]

1.e4 e6 2.d4 d5 3.Nd2 Nc6 4.Ngf3 Nf6 5.e5 Nd7 6.c3 f6 7.Bb5 Be7 8.Qe2 fxe5
9.Nxe5 Ndxe5 10.dxe5 O-O 11.Nf3 a6 12.Bd3 Bd7 13.h4 Be8 14.Ng5 Bxg5 15.Bxh7+
Kxh7 16.hxg5+ Kg8 17.Qd3 Nxe5 18.Qh7+ Kf7 19.Rh6 Rg8 20.Rf6+ Ke7 21.Qxg8 gxf6
22.Qg7+ Bf7 23.Be3 Qh8 24.gxf6+ Kd7 25.Qg3 Qh1+ {#R} 0-1

[Event "It (b)"]
[Site "masterchessopen.com – Bad Meinberg (Germany)"]
[Round "0"]
[White "Borik Otto (GER)"]
[Black "Buchenthal Dieter (GER)"]
[Result "1-0"]
[WhiteElo "2419"]
[BlackElo "2204"]

1.e4 e6 2.d4 d5 3.Nd2 Nc6 4.Ngf3 Nf6 5.e5 Nd7 6.g3 f5 7.Nb3 Be7 8.h4 h6 9.c3
b6 10.Bd3 O-O 11.Be3 Ncb8 12.g4 c5 13.gxf5 exf5 14.Bc2 cxd4 15.cxd4 a5 16.a3
a4 17.Nc1 b5 18.Rg1 Ra6 19.Nd3 Rf7 20.Qd2 Kf8 21.Nb4 Nb6 22.Bd3 Ra5 23.Bxh6
gxh6 24.Qxh6+ Ke8 25.e6 Bxe6 26.Qxe6 Qd6 27.Rg8+ {#r} 1-0

[Event "Ch URS"]
[Site "masterchessopen.com – Yerevan (Armenia)"]
[Round "0"]
[White "Geller Efim P (RUS)"]
[Black "Vaganian Rafael A (ARM)"]
[Result "1-0"]
[WhiteElo "2600"]
[BlackElo "2530"]

1.e4 e6 2.d4 d5 3.Nd2 Nc6 4.Ngf3 Nf6 5.e5 Nd7 6.Bd3 Nb4 7.Be2 c5 8.c3 Nc6
9.O-O Qb6 10.Nb3 a5 11.dxc5 Qc7 12.Bf4 Nxc5 13.Nbd4 Bd7 14.Nb5 Qb6 15.Be3 Qd8
16.c4 dxc4 17.Bxc4 Qb8 18.Qe2 a4 19.Rfd1 Na5 20.b4 Nxc4 21.Qxc4 Na6 22.Rxd7
Kxd7 23.Rd1+ Ke8 24.Nd6+ Bxd6 25.exd6 Qd8 26.Bg5 {#r} 1-0

[Event "It (b)"]
[Site "masterchessopen.com – Kallithea (Greece)"]
[Round "10"]
[White "Cappello Renato (ITA)"]
[Black "Alexopoulos Georgios (GRE)"]
[Result "1-0"]
[WhiteElo "2410"]
[BlackElo "2249"]

1.e4 e6 2.d4 d5 3.Nd2 Nc6 4.Ngf3 Nf6 5.e5 Nd7 6.Bb5 f6 7.O-O a6 8.Bxc6 bxc6
9.Nb3 a5 10.a4 c5 11.dxc5 Nxc5 12.Nfd4 f5 13.Nxa5 Bd7 14.b4 Nxa4 15.Nxe6 Bxe6
16.Rxa4 Qd7 17.c3 Be7 18.Ra1 O-O 19.Bd2 f4 20.f3 Bh4 21.Nb3 Rxa1 22.Qxa1 Qf7
23.Be1 Qh5 24.Nd4 Bd7 25.Qa2 c6 26.Bxh4 Qxh4 27.b5 {#r} 1-0

[Event "Match (juniors)"]
[Site "masterchessopen.com – Kallithea (Greece)"]
[Round "1"]
[White "Alexopoulos Georgios (GRE)"]
[Black "Grivas Efstratios (GRE)"]
[Result "1-0"]
[WhiteElo "2249"]
[BlackElo "2492"]

1.e4 e6 2.d4 d5 3.Nd2 Nc6 4.Ngf3 Nf6 5.e5 Nd7 6.b3 f6 7.exf6 Nxf6 8.c4 Bd6
9.Be2 O-O 10.O-O Ne4 11.Bd3 Ng5 12.Nxg5 Qxg5 13.Ne4 Bxh2+ 14.Kh1 Qh4 15.Bg5
dxe4 16.Bxh4 exd3 17.Kxh2 Rf4 18.Qh5 g6 19.Qh6 Rxd4 20.Bf6 Rd7 21.Rad1 e5
22.Rxd3 Rf7 23.Bxe5 Bf5 24.Re3 Nxe5 25.Rxe5 Bd3 26.Rfe1 Raf8 27.Re8 Rf5
28.Rxf8+ Rxf8 29.Re7 {#r} 1-0

[Event "?"]
[Site "masterchessopen.com – URS"]
[Round "0"]
[White "Varlamov Viacheslav (RUS)"]
[Black "Monin Nikolay (RUS)"]
[Result "1-0"]
[WhiteElo "2350"]
[BlackElo "2365"]

1.e4 e6 2.d4 d5 3.Nd2 Nc6 4.Ngf3 Nf6 5.e5 Nd7 6.Be2 f6 7.exf6 Qxf6 8.Nf1 e5
9.Ne3 e4 10.Nxd5 Qd6 11.Bc4 exf3 12.Bf4 fxg2 13.Rg1 Qe6+ 14.Kd2 Bd6 15.Re1
Nde5 16.dxe5 Bb4+ 17.c3 O-O 18.Nf6+ gxf6 19.Qg4+ Kf7 20.exf6 Bxc3+ 21.bxc3
Rd8+ 22.Kc1 {#r} 1-0

[Event "Ch DDR (w)"]
[Site "masterchessopen.com – Suhl (Germany)"]
[Round "2"]
[White "Burchardt Brigitte (GER)"]
[Black "Espig Gesine (GER)"]
[Result "1-0"]
[WhiteElo "2224"]
[BlackElo "2009"]

1.e4 e6 2.d4 d5 3.Nd2 Nc6 4.Ngf3 Nf6 5.e5 Nd7 6.c3 Be7 7.Bd3 Ncb8 8.Qc2 Nf8
9.b4 b6 10.c4 dxc4 11.Be4 c6 12.b5 Bb7 13.Nxc4 Qc7 14.Ba3 Bxa3 15.Nxa3 Nfd7
16.bxc6 {#r} 1-0

[Event "Tournament"]
[Site "masterchessopen.com – Athens (Greece)"]
[Round "0"]
[White "Tsourinakis Paraskevas (GRE)"]
[Black "Skalkotas Nikolaos (GRE)"]
[Result "0-1"]
[WhiteElo "2230"]
[BlackElo "2178"]

1.e4 e6 2.d4 d5 3.Nd2 Nc6 4.Ngf3 Nf6 5.e5 Nd7 6.c3 f6 7.exf6 Qxf6 8.Bb5 Bd6
9.Nf1 e5 10.dxe5 Ndxe5 11.Nxe5 Qxe5+ 12.Qe2 O-O 13.Be3 d4 14.cxd4 Nxd4 15.Bc4+
Kh8 16.Qd3 Bg4 17.Nd2 Rae8 18.Bb3 Qf4 {#R} 0-1

[Event "It"]
[Site "masterchessopen.com – Bern (Switzerland)"]
[Round "7"]
[White "Wells Ian Duncan"]
[Black "Prie Eric (FRA)"]
[Result "0-1"]
[WhiteElo "2220"]
[BlackElo "2476"]

1.e4 e6 2.d4 d5 3.Nd2 Nc6 4.Ngf3 Nf6 5.e5 Nd7 6.b3 f6 7.Bb2 fxe5 8.dxe5 Be7
9.Bb5 O-O 10.O-O Qe8 11.c4 Nd8 12.cxd5 exd5 13.e6 Nxe6 14.Re1 Bf6 15.Bxf6 Rxf6
16.Ng5 Qg6 17.Ndf3 Nxg5 18.Qxd5+ Ne6 19.Bxd7 Bxd7 20.Qxd7 Rd8 21.Qe7 Re8
22.Qd7 Rxf3 23.Qd5 Rf6 24.Qxb7 Ref8 25.Re3 Qc2 26.Rf3 Rxf3 {#R} 0-1

[Event "It (cat.4)"]
[Site "masterchessopen.com – Buenos Aires (Argentina)"]
[Round "0"]
[White "Farah Rodolfo (ARG)"]
[Black "Debarnot Roberto (ARG)"]
[Result "0-1"]
[WhiteElo "2152"]
[BlackElo "2355"]

1.e4 e6 2.d4 d5 3.Nd2 Nc6 4.Ngf3 Nf6 5.e5 Nd7 6.c3 f6 7.Bd3 fxe5 8.dxe5 g6
9.Qe2 Bg7 10.Bb5 O-O 11.Bxc6 bxc6 12.Nb3 a5 13.Bg5 Qe8 14.Qe3 Rxf3 15.Qxf3 a4
16.Nd4 Nxe5 17.Qg3 c5 18.f4 Nc4 19.Nf3 a3 20.b3 Bxc3+ 21.Kf2 Nd6 22.Rhe1 c4
23.Ne5 Bd4+ 24.Kf3 cxb3 25.h4 Ne4 {#R} 0-1

[Event "Regionalliga Nord"]
[Site "masterchessopen.com – Germany"]
[Round "0"]
[White "Schruefer Guenther Dr (GER)"]
[Black "Wurster Axel"]
[Result "1-0"]
[WhiteElo "2205"]
[BlackElo "1960"]

1.e4 e6 2.d4 d5 3.Nd2 Nc6 4.Ngf3 Nf6 5.e5 Nd7 6.Be2 f6 7.exf6 gxf6 8.Nf1 Bd6
9.Ne3 Ne7 10.c4 c6 11.O-O O-O 12.cxd5 cxd5 13.Ng4 Kh8 14.Nh6 Qe8 15.Nh4 Ng8
16.Bh5 Qe7 17.Re1 Qg7 18.N4f5 {#r} 1-0

[Event "Ch World (team) (under 26)"]
[Site "masterchessopen.com – Graz (Austria)"]
[Round "0"]
[White "Wahyuwidayat Erwanto (INA)"]
[Black "Dizdar Goran (CRO)"]
[Result "0-1"]
[WhiteElo "2210"]
[BlackElo "2495"]

1.e4 e6 2.d4 d5 3.Nd2 Nc6 4.Ngf3 Nf6 5.e5 Nd7 6.b3 f6 7.exf6 Qxf6 8.Bb2 Bc5
9.c3 Bd6 10.Bb5 O-O 11.O-O e5 12.dxe5 Ndxe5 13.Kh1 Qh6 14.g3 Bg4 15.Be2 Qh5
16.Kg2 Rae8 17.h4 Nxf3 18.Bxf3 Rxf3 {#R} 0-1

[Event "It (open)"]
[Site "masterchessopen.com – Manchester (England)"]
[Date "1981.09.09"]
[Round "6"]
[White "Brown Stuart C (ENG)"]
[Black "Ravikumar Vaidyanathan (IND)"]
[Result "0-1"]
[WhiteElo "2250"]
[BlackElo "2325"]

1.e4 e6 2.d4 d5 3.Nd2 Nc6 4.Ngf3 Nf6 5.e5 Nd7 6.c3 f6 7.exf6 Qxf6 8.Bb5 Bd6
9.O-O O-O 10.Nb3 Ne7 11.Bg5 Qf7 12.Qe2 c6 13.Bd3 Ng6 14.Rae1 e5 15.dxe5 Ndxe5
16.Nxe5 Nxe5 17.Bh4 Bg4 18.Qc2 Nf3+ 19.gxf3 Bxh2+ 20.Kxh2 Qh5 21.Re3 Qxh4+
22.Kg1 Bxf3 23.Rxf3 Rxf3 24.Bf5 Qg5+ 25.Kh2 Rxf5 {#R} 0-1

[Event "Ch World (juniors) (under 20)"]
[Site "masterchessopen.com – Copenhagen (Denmark)"]
[Round "2"]
[White "Klinger Josef (AUT)"]
[Black "Short Nigel D (ENG)"]
[Result "0-1"]
[WhiteElo "1981"]
[BlackElo "2485"]

1.e4 e6 2.d4 d5 3.Nd2 Nc6 4.Ngf3 Nf6 5.e5 Nd7 6.Nb3 a5 7.a4 Be7 8.Bb5 Ncb8
9.h4 h6 10.Rh3 b6 11.Rg3 Bf8 12.h5 c6 13.Bd3 Ba6 14.Rg4 c5 15.Bxa6 Nxa6 16.c4
Nb4 17.Nh4 dxc4 18.Nd2 cxd4 19.Nxc4 Qc7 20.Rxd4 Nxe5 21.Qe2 Bc5 22.Re4 Ned3+
23.Kf1 Qh2 24.Qg4 Qh1+ 25.Ke2 {#R} 0-1

[Event "Ch USA (corr.)"]
[Site "masterchessopen.com – USA"]
[Round "0"]
[White "Carlson Curtis (USA)"]
[Black "Plesset Kiven (USA)"]
[Result "0-1"]
[WhiteElo "2260"]
[BlackElo "2145"]

1.e4 e6 2.d4 d5 3.Nd2 Nc6 4.Ngf3 Nf6 5.e5 Nd7 6.Nb3 Be7 7.h4 f6 8.Bb5 O-O
9.Be3 fxe5 10.Bxc6 bxc6 11.Ng5 Qe8 12.dxe5 Nxe5 13.Bd4 Bd6 14.Qe2 Nc4 15.Qd3
Qh5 16.Qc3 e5 17.Bc5 Rb8 18.Bxd6 cxd6 19.f3 h6 20.Ne4 Be6 21.Ned2 d4 22.Qd3
Ne3 {#R} 0-1

[Event "It"]
[Site "masterchessopen.com – Baile Herculane (Romania)"]
[Round "0"]
[White "Marjanovic Slavoljub (SRB)"]
[Black "Foisor Ovidiu Doru (ROM)"]
[Result "1-0"]
[WhiteElo "2465"]
[BlackElo "2460"]

1.e4 e6 2.d4 d5 3.Nd2 Nc6 4.Ngf3 Nf6 5.e5 Nd7 6.Be2 f6 7.exf6 Qxf6 8.Nf1 Bd6
9.Ne3 O-O 10.O-O Qg6 11.g3 Nf6 12.Nh4 Qe8 13.f4 Ne7 14.c3 b6 15.Re1 Nf5 16.Nf3
Ne4 17.Ng4 Bb7 18.Bd3 c5 19.Kg2 h6 20.Qe2 c4 21.Bc2 Be7 22.Nf2 Nfd6 23.Nd2 g5
24.Ndxe4 dxe4 25.Nxe4 Rf5 26.Kh3 gxf4 27.Qg4+ Kh8 28.Bxf4 h5 29.Qe2 {#r} 1-0

[Event "It (cat.12)"]
[Site "masterchessopen.com – Sarajevo (Bosnia & Herzegovina)"]
[Round "0"]
[White "Lobron Eric (GER)"]
[Black "Drasko Milan (MNE)"]
[Result "0-1"]
[WhiteElo "2495"]
[BlackElo "2440"]

1.e4 e6 2.d4 d5 3.Nd2 Nc6 4.Ngf3 Nf6 5.e5 Nd7 6.Be2 Be7 7.Nf1 O-O 8.Ne3 f6
9.exf6 Nxf6 10.O-O Bd6 11.c4 b6 12.b3 Ne7 13.Bb2 Bb7 14.Rc1 Ne4 15.Rc2 Ng6
16.g3 Qe7 17.cxd5 exd5 18.Ne5 Bxe5 19.dxe5 Rad8 20.f3 d4 21.fxe4 dxe3 22.Qc1
Rxf1+ 23.Bxf1 Nxe5 24.Be2 Nd3 25.Bxd3 Rxd3 26.Rxc7 Qxe4 27.Rxg7+ Kf8 28.Qf1+
Qf3 29.Rxb7 Rd1 30.Rf7+ Kxf7 {#R} 0-1

[Event "It (open)"]
[Site "masterchessopen.com – Athens (Greece)"]
[Round "0"]
[White "Gufeld Eduard (USA)"]
[Black "Skalkotas Nikolaos (GRE)"]
[Result "1-0"]
[WhiteElo "2470"]
[BlackElo "2178"]

1.e4 e6 2.d4 d5 3.Nd2 Nc6 4.Ngf3 Nf6 5.e5 Nd7 6.Nb3 a5 7.a4 Be7 8.Bb5 Ncb8
9.O-O b6 10.Bf4 Ba6 11.Bxa6 Nxa6 12.Qd2 h6 13.h3 Ndb8 14.Rfd1 Qd7 15.c3 O-O
16.Bxh6 gxh6 17.Qxh6 Re8 18.Rd3 Bf8 19.Qh5 Bg7 20.Ng5 Nc6 21.Rg3 {#r} 1-0

[Event "corr."]
[Site "masterchessopen.com – Great Britain"]
[Round "0"]
[White "Retout S"]
[Black "Paternoste Ricardo (ARG)"]
[Result "1-0"]
[WhiteElo "1808"]
[BlackElo "2251"]

1.e4 e6 2.d4 d5 3.Nd2 Nc6 4.Ngf3 Nf6 5.e5 Nd7 6.Be2 f6 7.exf6 Nxf6 8.Nf1 Bd6
9.Bg5 O-O 10.Ne3 Bd7 11.O-O Qe7 12.c4 h6 13.Bh4 g5 14.Bg3 Bxg3 15.hxg3 Ne4
16.cxd5 exd5 17.Nxd5 Qd6 18.Nc3 Nf6 19.Nb5 Qe7 20.d5 Nxd5 21.Qxd5+ Be6 22.Qe4
Kg7 23.Bd3 Bf5 24.Qxe7+ {#r} 1-0

[Event "?"]
[Site "masterchessopen.com – URS"]
[Round "0"]
[White "Iuldachev Saidali (UZB)"]
[Black "Nevednichy Vladislav (ROM)"]
[Result "0-1"]
[WhiteElo "2482"]
[BlackElo "2540"]

1.e4 e6 2.d4 d5 3.Nd2 Nc6 4.Ngf3 Nf6 5.e5 Nd7 6.Bd3 Nb4 7.Be2 c5 8.c3 Nc6
9.O-O cxd4 10.cxd4 f6 11.Re1 fxe5 12.dxe5 g6 13.Nb3 Bg7 14.Nfd4 Ndxe5 15.f4
Nxd4 16.Nxd4 Nc6 17.Nxe6 Qb6+ 18.Kh1 Bxe6 19.Bg4 Nd8 20.Qxd5 O-O 21.Bxe6+ Nxe6
22.Rxe6 Rad8 23.Qc4 Qb5 {#R} 0-1

[Event "Ch Bayern (b)"]
[Site "masterchessopen.com – Bayern (Germany)"]
[Round "0"]
[White "Klebel Martin Dr (GER)"]
[Black "Reich Thomas (GER)"]
[Result "1-0"]
[WhiteElo "2381"]
[BlackElo "2391"]

1.d4 d5 2.e4 e6 3.Nd2 Nc6 4.Ngf3 Nf6 5.e5 Ne4 6.c3 Nxd2 7.Bxd2 Bd7 8.Bd3 Qe7
9.Qe2 O-O-O 10.a4 f6 11.a5 Be8 12.b4 Bg6 13.b5 Nb8 14.O-O Qf7 15.Rfc1 Bxd3
16.Qxd3 Qg6 17.Qf1 Nd7 18.c4 fxe5 19.cxd5 exd5 20.a6 b6 21.Rc6 Bd6 22.dxe5 Nb8
23.Qc1 Nxc6 24.Qxc6 Bc5 25.e6 {#r} 1-0

[Event "Ch Iceland"]
[Site "masterchessopen.com – Akureyri (Iceland)"]
[Round "5"]
[White "Thorhallsson Gylfi (ISL)"]
[Black "Thorhallsson Throstur (ISL)"]
[Result "0-1"]
[WhiteElo "2179"]
[BlackElo "2345"]

1.e4 e6 2.d4 d5 3.Nd2 Nc6 4.Ngf3 Nf6 5.e5 Nd7 6.c3 f6 7.Bd3 fxe5 8.Nxe5 Ndxe5
9.dxe5 Nxe5 10.Qh5+ Nf7 11.Bxh7 e5 12.Nf3 e4 13.O-O Bd6 14.Ng5 Qf6 15.Be3 g6
16.Qxg6 Bxh2+ 17.Kh1 Be5 18.Qh5 Bg4 19.Qxg4 Nxg5 20.f4 Rxh7+ 21.Kg1 Nh3+
22.gxh3 Rg7 23.fxe5 Rxg4+ 24.hxg4 Qh4 25.Bd4 Qg3+ 26.Kh1 O-O-O 27.e6 Qh3+
28.Kg1 Qxg4+ 29.Kh1 Qh3+ 30.Kg1 Rg8+ {#R} 0-1

[Event "Ch World (juniors) (under 20)"]
[Site "masterchessopen.com – Baguio (Philippines)"]
[Round "0"]
[White "Meddard D"]
[Black "Cruz Alvarez De Ron Dan (ESP)"]
[Result "0-1"]
[WhiteElo "2205"]
[BlackElo "2239"]

1.e4 e6 2.d4 d5 3.Nd2 Nc6 4.Ngf3 Nf6 5.Bd3 Nb4 6.e5 Nxd3+ 7.cxd3 Ng8 8.O-O h5
9.Nb3 Nh6 10.Bf4 a5 11.Rc1 b6 12.Qc2 Ra7 13.Qe2 Nf5 14.Rc2 Be7 15.Qd2 a4
16.Na1 Rg8 17.g3 g5 18.Be3 g4 19.Ne1 h4 20.Ng2 Bg5 21.Bxg5 Qxg5 22.Qxg5 Rxg5
23.Rfc1 Kd8 24.gxh4 Rg8 25.Rc3 Nxd4 26.Kf1 Nf3 27.Nc2 c5 28.d4 {#R} 0-1